Datum a čas kvízu
20
Celkem bodů
Celkový počet nahraných bodů na tomto kvízu bez doplňovacích otázek.
8.
Pořadí na kvízu
Konečné umístění týmu na tomto kvízu.
Zaznamenané odpovědi
| # | Otázka | Odpověď | Body | Výsledky |
|---|---|---|---|---|
| 1. | Minulý týden vydalo české vývo... | Kingdom Come (Deliverance II) | 1 | |
| 2. | 54letá učitelka Gill Punt z br... | A) za ledního medvěda | 0 | |
| 3. | Jeden americký umělec obdržel... | Kendrick Lamar | 1 | |
| 4. | Jedna japonská automobilka ve... | Nissan, Honda | 0 | |
| 5. | Která tenistka v pondělí na so... | Petra Kvitová | 1 | |
| 6. | Kterým slovem na písmeno K se... | kapsid(a) | 0 | |
| 7. | Který zvířecí přívlastek získa... | prasečí | 1 | |
| 8. | Přiřaďte viry k onemocněním, k... | 1B 2A 3D 4C | 1 | |
| 9. | Viry mají svou genetickou info... | U (uracil) | 0 | |
| 10. | V oblíbené ptačí rezervaci z n... | Pandemie | 0 |